[Event "American Cup Elim w"]
[Site "Saint Louis USA"]
[Date "2024.03.18"]
[Round "4.2"]
[White "Lee, Alice"]
[Black "Tokhirjonova, Gulrukhbegim"]
[Result "1-0"]
[WhiteTitle "IM"]
[BlackTitle "WGM"]
[WhiteElo "2356"]
[BlackElo "2365"]
[WhiteFideId "30941822"]
[BlackFideId "14203626"]
[EventDate "2024.03.14"]

1. d4 d5 2. c4 c6 3. Nf3 Nf6 4. e3 Bf5 5. Nc3 e6 6. Nh4 Be4 7. f3 Bg6 8. Bd2
Nbd7 9. Nxg6 hxg6 10. Qc2 Bd6 11. O-O-O Qc7 12. e4 dxe4 13. fxe4 e5 14. d5 a5
15. Be2 Nc5 16. Be3 Na6 17. Kb1 Bc5 18. Qd2 O-O 19. h4 Qb6 20. Bg5 Nh7 21. h5 f6
22. Na4 Qb4 23. Qc2 b5 24. cxb5 cxb5 25. Nxc5 Qxc5 26. Qxc5 Nxc5 27. Be3 Nxe4
28. hxg6 Nhg5 29. Rh4 Ng3 30. Bg4 Rfd8 31. d6 Ra6 32. Bxg5 fxg5 33. Be6+ 1-0

[Event "American Cup Elim w"]
[Site "Saint Louis USA"]
[Date "2024.03.18"]
[Round "4.3"]
[White "Lee, Alice"]
[Black "Tokhirjonova, Gulrukhbegim"]
[Result "1-0"]
[WhiteTitle "IM"]
[BlackTitle "WGM"]
[WhiteElo "2356"]
[BlackElo "2365"]
[WhiteFideId "30941822"]
[BlackFideId "14203626"]
[EventDate "2024.03.14"]

1. d4 d5 2. c4 e6 3. Nf3 Nf6 4. Nc3 Bb4 5. Bg5 Nbd7 6. e3 h6 7. Bxf6 Qxf6 8. Rc1
c6 9. Bd3 O-O 10. O-O dxc4 11. Bxc4 e5 12. a3 Bxc3 13. bxc3 e4 14. Nd2 Qg6 15.
f4 Nb6 16. Bb3 Re8 17. c4 Bg4 18. Qe1 Rad8 19. c5 Nd5 20. Nc4 Bc8 21. Nd6 Re7
22. Bxd5 cxd5 23. Qa5 b6 24. Nxc8 Rxc8 25. cxb6 Rxc1 26. Rxc1 Qxb6 27. Qxd5 Re8
28. h3 Qg6 29. Kh2 h5 30. Rc6 Re6 31. f5 Qg5 32. Rxe6 fxe6 33. Qxe6+ Kf8 34.
Qxe4 h4 35. Qa8+ Kf7 36. Qxa7+ Kg8 37. Qb8+ Kf7 38. Qe5 Qd8 39. a4 Kf8 40. a5
Qa8 41. Qd6+ Kf7 42. a6 Qa7 43. Qe6+ Kf8 44. Qc8+ 1-0

[Event "American Cup Elim w"]
[Site "Saint Louis USA"]
[Date "2024.03.18"]
[Round "4.4"]
[White "Tokhirjonova, Gulrukhbegim"]
[Black "Lee, Alice"]
[Result "0-1"]
[WhiteTitle "WGM"]
[BlackTitle "IM"]
[WhiteElo "2365"]
[BlackElo "2356"]
[WhiteFideId "14203626"]
[BlackFideId "30941822"]
[EventDate "2024.03.14"]

1. Nf3 d5 2. g3 g6 3. Bg2 Bg7 4. O-O Nf6 5. d3 O-O 6. Nbd2 c5 7. e4 dxe4 8. dxe4
Nc6 9. c3 Ng4 10. h3 Nge5 11. Nh2 Nd3 12. Qe2 Nxc1 13. Raxc1 Ne5 14. Nb3 Be6 15.
Rfd1 Qb6 16. c4 Rad8 17. Bf1 Rxd1 18. Qxd1 Rd8 19. Qc2 Nc6 20. Nf3 a5 21. Rb1
Nb4 22. Qe2 Nxa2 23. Qe3 Bd4 24. Nbxd4 cxd4 25. Qh6 f6 26. e5 d3 27. exf6 exf6
28. Re1 Bf7 29. Re7 Qc5 30. Rxb7 Qxc4 31. Nd2 Qe6 32. h4 Nc1 33. Kh2 a4 34. Bh3
Qd5 35. Bg2 Qe6 36. h5 Nb3 37. hxg6 hxg6 38. Be4 Nxd2 39. Bxg6 Nf3+ 40. Kg2 Nh4+
41. Qxh4 Bxg6 42. Rb4 Qd5+ 43. f3 Qg5 44. Qc4+ Bf7 45. Qc7 Qd2+ 46. Kh3 Qxb4 47.
Qxd8+ Kg7 48. Qxd3 Qxb2 49. g4 a3 50. g5 fxg5 51. Qf5 Qf6 0-1